| 000 | 01196nam a2200337 a 4500 | ||
|---|---|---|---|
| 001 | 000109224 | ||
| 003 | CHAP | ||
| 005 | 20220329144042.0 | ||
| 008 | 140410s2013 mx sm |||||||spa d | ||
| 010 | _a105686 | ||
| 011 | _a106658 | ||
| 040 | _cCHAP | ||
| 090 | _aTesis | ||
| 100 | 1 |
_aMacario Rafael, Yuri _9126389 |
|
| 245 | 1 | 0 |
_aAplicación del aceite esencial del árbol del té para el control de moho verde en limón Persa _h[En línea] _cpor Yuri Macario Rafael. |
| 260 |
_aChapingo, Méx. : _bEl autor, _c2013. |
||
| 500 | _aPara ver el contenido del material haga clic en la liga | ||
| 502 | _aTesis (Ing. Agr. Esp. en Fitotecnia) -- UACH. Departamento de Fitotecnia | ||
| 590 |
_aBATCH-UPD _b05 _c20141002 _lUCH01 _h0900 |
||
| 590 |
_aE6096MTM _b05 _c20140410 _lUCH01 _h1127 |
||
| 590 |
_aE6096MTM _b05 _c20140410 _lUCH01 _h1128 |
||
| 650 | 1 | 4 |
_aAceites esenciales. _9455 |
| 650 | 1 | 4 |
_aControl biológico de enfermedades. _927579 |
| 650 | 1 | 4 |
_aLimón _xEnfermedades. _966825 |
| 650 | 1 | 4 |
_aMelaleuca alternifolia. _974302 |
| 650 | 1 | 4 |
_aMohos. _977290 |
| 856 |
_aFinding aid _uhttp://10.13.5.2/tesis/sist109224.pdf _zTeclea aquí |
||
| 901 | _aBK | ||
| 942 | _cTESIS | ||
| 942 | _n0 | ||
| 999 |
_c105686 _d105686 |
||